000
00362nam a2200157Ia 4500
005
20250423094643.0
008
250422s9999 xx 000 0 und d
020
_a
0-324-3728-7
100
_a
Lehman, Carol M.
245
0
_a
Business communication
250
_a
13th ed.
260
_a
Ohio
260
_b
South Western Cengage
260
_c
2002
942
_c
BK
999
_c
27892
_d
27892